|
|
|
|
| LEADER |
01072nam a2200229 a 4500 |
| 001 |
GR-MES4150 |
| 008 |
991111s19uu gr 000 0 gre d |
| 040 |
|
|
|a GrPaTEI
|b gre
|c GR-PaULI
|
| 100 |
1 |
|
|a Watson, Lyall.
|
| 245 |
1 |
2 |
|a Η παλίρροια της ζωής :
|b μιά βιολογία του ασυνειδήτου /
|c Watson Lyall ; επιμέλεια Φιλιππίδου Μάνια ; μετάφραση Βερέττας Μάριος.
|
| 260 |
|
|
|a [χ.τ] :
|b Νίκος Ράπτης,
|c [19--]
|
| 300 |
|
|
|a 364σελ.
|
| 500 |
|
|
|a Περιέχει βιβλιογραφία
|
| 650 |
|
4 |
|a ΚΟΣΜΟΣ
|
| 650 |
|
4 |
|a Φιλοσοφία
|
| 650 |
|
4 |
|a Φυσικές επιστήμες
|
| 700 |
1 |
|
|a Βερέττας, Μάριος
|e μεταφραστής.
|
| 710 |
0 |
|
|a Νίκος Ράπτης
|
| 942 |
|
|
|2 ddc
|
| 952 |
|
|
|0 0
|1 0
|2 ddc
|4 0
|6 500_000000000000000_WAT
|7 0
|9 268809
|a MSLG
|b MSLG
|c BSC
|d 2021-01-17
|e 24
|f 0
|g 0.00
|l 0
|o 500 WAT
|p 2420000013692
|r 2021-01-17 00:00:00
|t 1
|w 2021-01-17
|y BK15
|x 19991111 0 1
|x GrPaTEI
|
| 971 |
|
|
|a .b25751967
|b 16-04-20
|c 13-09-16
|
| 999 |
|
|
|c 154941
|d 154941
|